| 000 | 00906nam a2200241 c 4500 | ||
|---|---|---|---|
| 001 | 190461 | ||
| 003 | ES-MaACL | ||
| 005 | 20240129115704.0 | ||
| 008 | 210330s2018 sp 001 0 spa | ||
| 020 | _a978-84-9946-597-5 | ||
| 080 | _a821.134.2 Cervantes Saavedra, Miguel de 7 Quijote.07 | ||
| 100 | 1 |
_aCabada Gómez, Manuel. _9157059 |
|
| 245 | 1 | 0 |
_aYo sé quién soy : _bDon Quijote metaliterario / _cManuel Cabada Gómez. |
| 250 | _a1ª ed. | ||
| 260 |
_aMadrid : _bEdición Personal, _c2018. |
||
| 300 |
_a145 p. ; _c21 cm. |
||
| 504 | _aBibliografía: p. 145. | ||
| 600 | 1 | 4 |
_aCervantes Saavedra, Miguel de, _d1547-1616. _tDon Quijote de la Mancha _937612 |
| 852 | 4 |
_aES-MaACL _jA-14662 _9197638 _bR.152377 _cDEPO1 _dOlim: N-7662 _hDonación: Manuel Cabada Gómez |
|
| 903 |
_9157059 _aCabada Gómez, Manuel _ednr |
||
| 942 |
_2udc _cMONOGRAFIA |
||
| 999 |
_c190461 _d190461 |
||